LIBRARY & INFORMATION CENTRE, KCAET, TAVANUR

ONLINE PUBLIC ACCESS CATALOGUE (OPAC)

Impact of harvest combines on labour use crop pattern and productivity / (Record no. 9324)

MARC details
000 -LEADER
fixed length control field 00572cam a2200205ua 4500
041 ## - LANGUAGE CODE
Language code of text/sound track or separate title eng
082 ## - DEWEY DECIMAL CLASSIFICATION NUMBER
Classification number 631.56
Item number LAX/IM
100 ## - MAIN ENTRY--AUTHOR NAME
Personal name Laxminarayanan, H .
245 ## - TITLE STATEMENT
Title Impact of harvest combines on labour use crop pattern and productivity /
260 ## - PUBLICATION, DISTRIBUTION, ETC. (IMPRINT)
Place of publication New Delhi :
Name of publisher Agricole Publishing Academy ,
Year of publication 1981.
300 ## - PHYSICAL DESCRIPTION
Number of Pages 174 ; .
700 1# - ADDED ENTRY--PERSONAL NAME
Personal name Gupta, D.P .
700 1# - ADDED ENTRY--PERSONAL NAME
Personal name Malik, R.P.S .
700 1# - ADDED ENTRY--PERSONAL NAME
Personal name Rangaswami, P .
942 ## - ADDED ENTRY ELEMENTS (KOHA)
Koha item type Books
Holdings
Withdrawn status Lost status Damaged status Home library Current library Date acquired Full call number Accession Number Koha item type
      KAUAET KAUAET 07/04/2012 631.56 17803 Books
free website counter